Museus locals i particulars de la província de Barcelona : Vic i Osona / [text: Eduard Junyent] Vic i Osona / [text:
Descripción Física:
30 p. : il. col. ; 21 cm
MARC
| LEADER | 00000nam a2200000Ia 4500 | ||
|---|---|---|---|
| 001 | 14896 | ||
| 008 | 160829s9999 xx 000 0 cat d | ||
| 080 | |a FU-29-38 | ||
| 100 | 1 | |a Junyent, Eduard, |d 1901-1978 |9 29498 | |
| 245 | |a Museus locals i particulars de la província de Barcelona : |b Vic i Osona / [text: |b Eduard Junyent] | ||
| 250 | |a Ed. en català | ||
| 260 | |a [Barcelona] : |b Diputació de Barcelona, Secció de Publicacions, [197 - ?] | ||
| 300 | |a 30 p. : |b il. col. ; |c 21 cm | ||
| 490 | |a Fullets monogràfics singulars d'art. Sèrie I-3 ; 4 | ||
| 590 | |a Existeix una edició en castellà | ||
| 650 | |a Museu Episcopal de Vic |x Guies |9 37770 | ||
| 650 | |a Museus |x Osona |x Guies |9 26158 | ||
| 710 | 1 | |a Barcelona (Catalunya : Província). |b Diputació |9 52408 | |
| 901 | |a Arxiu | ||
| 942 | |n 1 | ||
| 952 | |0 0 |1 0 |4 0 |6 FU2938 |7 1 |9 48679 |a Arxiu |b Arxiu |d 2016-12-01 |l 0 |o FU-29-38 |p 14896 |r 2016-12-01 00:00:00 |w 2016-12-01 |y ARXIU | ||
| 999 | |c 52509 |d 52509 | ||